[Event "Titled Tuesday intern op 16th Apr Early"]
[Site "Chess.com INT"]
[Date "2024.04.16"]
[Round "2"]
[White "Paichadze, Luka"]
[Black "Dobre, Claudiu Cristian"]
[Result "1-0"]
[WhiteElo "2504"]
[BlackElo "2259"]
[PlyCount "77"]
[EventDate "2024.04.16"]
[EventType "swiss (blitz)"]
[EventRounds "11"]
[EventCountry "USA"]
[SourceTitle "CB17_2024"]
[SourceDate "2024.04.24"]
[SourceVersion "1"]
[SourceVersionDate "2024.04.24"]
[SourceQuality "1"]

1. e4 Nc6 2. d4 d5 3. e5 Bf5 4. c3 e6 5. h4 f6 6. g4 Be4 7. f3 Bxb1 8. Rxb1 fxe5 9. Ne2 Be7 10. g5 Bd6 11. Bh3 Qd7 12. b4 Nge7 13. b5 Na5 14. dxe5 Bxe5 15. f4 Bd6 16. Nd4 Nf5 17. 0-0 Bc5 18. Kh2 Bxd4 19. cxd4 0-0 20. Ba3 Rf7 21. Qe2 Nc4 22. Bb2 Ncd6 23. h5 Ne4 24. Rf3 Nfd6 25. Ba1 Raf8 26. Rbf1 Re7 27. a4 Nc4 28. f5 exf5 29. Bxf5 Qd6+ 30. Kg2 Ng3 31. Be6+ Rff7 32. Rxf7 Nxf1 33. Rxe7+ Kf8 34. Rf7+ Ke8 35. Rxf1 Qe7 36. Bf7+ Kd8 37. Qxe7+ Kxe7 38. g6 Ne3+ 39. Kf2 1-0

[Event "Titled Tuesday intern op 16th Apr Late"]
[Site "Chess.com INT"]
[Date "2024.04.16"]
[Round "3"]
[White "Paichadze, Luka"]
[Black "Srdanovic, Jovana"]
[Result "1-0"]
[WhiteElo "2504"]
[BlackElo "2149"]
[PlyCount "77"]
[EventDate "2024.04.16"]
[EventType "swiss (blitz)"]
[EventRounds "11"]
[EventCountry "USA"]
[SourceTitle "CB17_2024"]
[SourceDate "2024.04.24"]
[SourceVersion "1"]
[SourceVersionDate "2024.04.24"]
[SourceQuality "1"]

1. e4 c5 2. Nf3 Nf6 3. e5 Nd5 4. c3 e6 5. d4 cxd4 6. cxd4 d6 7. Bc4 Be7 8. 0-0 0-0 9. Qe2 b6 10. Rd1 Bb7 11. Bxd5 exd5 12. Nc3 dxe5 13. dxe5 Re8 14. Nd4 Bf8 15. f4 Nc6 16. Be3 Rc8 17. Nf5 d4 18. Nxd4 Nxd4 19. Bxd4 Qh4 20. Be3 Bc5 21. Bxc5 Rxc5 22. Qf2 Qg4 23. h3 Qf5 24. Rd4 h5 25. Rad1 Rcc8 26. Rd7 Bc6 27. R7d6 b5 28. a3 a5 29. R1d4 Re6 30. Rxe6 fxe6 31. Kh2 Rf8 32. Nd1 Qb1 33. Ne3 Qg6 34. Rd6 Be4 35. Qg3 Qf7 36. Rb6 Qc7 37. Rxe6 b4 38. axb4 axb4 39. Qg5 1-0

[Event "Titled Tuesday intern op 02nd Apr Early"]
[Site "Chess.com INT"]
[Date "2024.04.02"]
[Round "3"]
[White "Paichadze, Luka"]
[Black "Bueno, Alfeu Varela Jr"]
[Result "1-0"]
[WhiteElo "2504"]
[BlackElo "2140"]
[PlyCount "55"]
[EventDate "2024.04.02"]
[EventType "swiss (blitz)"]
[EventRounds "11"]
[EventCountry "USA"]
[SourceTitle "CB15_2024"]
[SourceDate "2024.04.10"]
[SourceVersion "1"]
[SourceVersionDate "2024.04.10"]
[SourceQuality "1"]

1. e4 e6 2. d4 d5 3. e5 c5 4. c3 Nc6 5. Nf3 Bd7 6. Be2 Nge7 7. 0-0 Nf5 8. g4 Nh4 9. Nxh4 Qxh4 10. f4 Rc8 11. Be3 f6 12. Nd2 cxd4 13. cxd4 Bb4 14. a3 Be7 15. b4 0-0 16. Nb3 fxe5 17. dxe5 b6 18. Qe1 Qh3 19. Qg3 Qxg3+ 20. hxg3 Nb8 21. Rfc1 Ba4 22. Nd4 Kf7 23. f5 exf5 24. gxf5 Rfd8 25. Bg4 Rxc1+ 26. Rxc1 h6 27. Rc7 a5 28. Bh5+ 1-0

[Event "Titled Tuesday intern op 02nd Apr Early"]
[Site "Chess.com INT"]
[Date "2024.04.02"]
[Round "7"]
[White "Paichadze, Luka"]
[Black "Durarbayli, Vasif"]
[Result "1-0"]
[WhiteElo "2504"]
[BlackElo "2627"]
[PlyCount "125"]
[EventDate "2024.04.02"]
[EventType "swiss (blitz)"]
[EventRounds "11"]
[EventCountry "USA"]
[SourceTitle "CB15_2024"]
[SourceDate "2024.04.10"]
[SourceVersion "1"]
[SourceVersionDate "2024.04.10"]
[SourceQuality "1"]

1. e4 e6 2. d4 d5 3. e5 c5 4. c3 Nc6 5. Nf3 Bd7 6. Be2 Nge7 7. 0-0 Nf5 8. g4 Nh4 9. Nxh4 Qxh4 10. f4 Qd8 11. Be3 Qb6 12. Na3 cxd4 13. cxd4 a6 14. Nc2 f5 15. gxf5 exf5 16. Rb1 Nd8 17. Bf3 Bc6 18. b4 Ne6 19. a4 Bxa4 20. Bxd5 Rc8 21. Rb2 Be7 22. Ba2 Nc7 23. d5 Qg6+ 24. Kh1 Rd8 25. b5 Bxb5 26. Rg1 Nxd5 27. Rxg6 Nxe3 28. Qxd8+ Kxd8 29. Rxg7 Bc6+ 30. Kg1 Nd1 31. Rb1 Bc5+ 32. Kf1 Nc3 33. Ra1 Kc8 34. Be6+ Kb8 35. Rg8+ Rxg8 36. Bxg8 h6 37. Bh7 Be4 38. Ne1 Nd5 39. Rc1 Be3 40. Rd1 Bxf4 41. Bxf5 Ne3+ 42. Ke2 Bxf5 43. Rd8+ Kc7 44. Rf8 Bg4+ 45. Kd3 Nd5 46. Ke4 Bxe5 47. Kxe5 Nb4 48. Rf4 Nc6+ 49. Kd5 h5 50. Nd3 Kb6 51. Kd6 a5 52. Nc5 Na7 53. Rf7 Nb5+ 54. Kd5 Nc7+ 55. Kd6 Nb5+ 56. Kd5 Nc7+ 57. Kd4 Ne6+ 58. Nxe6 Bxe6 59. Rf6 Kb5 60. Rxe6 Kb4 61. Kd3 b5 62. Kc2 a4 63. Kb2 1-0

[Event "Titled Tuesday intern op 02nd Apr Early"]
[Site "Chess.com INT"]
[Date "2024.04.02"]
[Round "9"]
[White "Paichadze, Luka"]
[Black "Le, Tuan Minh"]
[Result "0-1"]
[WhiteElo "2504"]
[BlackElo "2567"]
[PlyCount "92"]
[EventDate "2024.04.02"]
[EventType "swiss (blitz)"]
[EventRounds "11"]
[EventCountry "USA"]
[SourceTitle "CB15_2024"]
[SourceDate "2024.04.10"]
[SourceVersion "1"]
[SourceVersionDate "2024.04.10"]
[SourceQuality "1"]

1. e4 e5 2. d4 exd4 3. Qxd4 Nc6 4. Qe3 Nf6 5. Nc3 Bb4 6. Bd2 0-0 7. 0-0-0 Re8 8. Bc4 d6 9. f3 Be6 10. Bxe6 fxe6 11. Nge2 Nd7 12. Qf2 Nde5 13. Kb1 Qf6 14. a3 Bc5 15. Qg3 Nc4 16. Bg5 Qf7 17. h4 b5 18. Na2 Reb8 19. h5 b4 20. axb4 Nxb4 21. Bc1 e5 22. b3 Nxa2 23. Kxa2 Na5 24. Rd3 Nc6 25. Bd2 a5 26. Kb2 a4 27. Ra1 Qxh5 28. Qh3 Qf7 29. Qf5 axb3 30. Qxf7+ Kxf7 31. Rxa8 Rxa8 32. cxb3 Ke6 33. Bc3 h5 34. Rd1 g6 35. Rh1 Be3 36. Rd1 Rb8 37. Kc2 Na7 38. Ra1 Nb5 39. Bb2 h4 40. Rh1 Bf2 41. Ra1 g5 42. Bc1 Rg8 43. Ra5 c6 44. Ra6 g4 45. fxg4 Rxg4 46. Rxc6 Rxg2 0-1

[Event "Titled Tuesday intern op 02nd Apr Early"]
[Site "Chess.com INT"]
[Date "2024.04.02"]
[Round "6"]
[White "Paichadze, Luka"]
[Black "Sai Agni, Jeevitesh J"]
[Result "1-0"]
[WhiteElo "2504"]
[BlackElo "2274"]
[PlyCount "53"]
[EventDate "2024.04.02"]
[EventType "swiss (blitz)"]
[EventRounds "11"]
[EventCountry "USA"]
[SourceTitle "CB15_2024"]
[SourceDate "2024.04.10"]
[SourceVersion "1"]
[SourceVersionDate "2024.04.10"]
[SourceQuality "1"]

1. e4 d6 2. d4 Nf6 3. Nc3 Nbd7 4. Nf3 e5 5. g4 Nxg4 6. Rg1 Ngf6 7. Bc4 h6 8. Be3 c6 9. Qd3 b5 10. Bb3 b4 11. Na4 Qa5 12. dxe5 Ba6 13. Qd2 Nxe5 14. Nxe5 Qxe5 15. 0-0-0 Nxe4 16. Qe1 Be7 17. Bd4 Qf4+ 18. Kb1 0-0-0 19. Qxb4 Bf6 20. Bxa7 Bb5 21. Be3 Qe5 22. Bd4 Qf4 23. Qa5 Bxd4 24. Rxd4 Qxf2 25. Rgd1 Kd7 26. Rxe4 Rc8 27. Nb6+ 1-0

[Event "GEO-ch 83rd"]
[Site "Tbilisi"]
[Date "2024.01.31"]
[Round "3"]
[White "Tsomaia, Nikoloz"]
[Black "Paichadze, Luka"]
[Result "0-1"]
[WhiteElo "2231"]
[BlackElo "2503"]
[PlyCount "132"]
[EventDate "2024.01.29"]
[EventType "tourn"]
[EventRounds "9"]
[EventCountry "GEO"]
[EventCategory "9"]
[SourceTitle "CB07_2024"]
[SourceDate "2024.02.14"]
[SourceVersion "1"]
[SourceVersionDate "2024.02.14"]
[SourceQuality "1"]

1. e4 c6 2. d4 d5 3. exd5 cxd5 4. Bd3 Nc6 5. c3 e6 6. Nf3 Bd6 7. 0-0 Nge7 8. Re1 0-0 9. b3 f6 10. c4 Nf5 11. Bxf5 exf5 12. Nc3 Bb4 13. Bb2 f4 14. Qd3 Bg4 15. Nd2 Bxc3 16. Bxc3 Qd7 17. cxd5 Qxd5 18. Qe4 Qxe4 19. Nxe4 Rad8 20. f3 Bc8 21. Rad1 Rd5 22. Rd2 Rfd8 23. Red1 b6 24. Bb2 Bb7 25. Kf2 Kf7 26. Ba3 h6 27. Nc3 Rxd4 28. Rxd4 Rxd4 29. Rxd4 Nxd4 30. Ne2 Nc2 31. Bd6 g5 32. Bb8 a6 33. Ba7 b5 34. Bc5 Ke6 35. h4 h5 36. a4 Ke5 37. axb5 axb5 38. Be7 gxh4 39. Bd8 Bd5 40. Bc7+ Kf5 41. Nc3 Bc6 42. Ne2 Be8 43. Bxf4 Bf7 44. b4 Nxb4 45. Bd2 Nc6 46. Ke3 b4 47. Nd4+ Nxd4 48. Kxd4 b3 49. Bc1 Be6 50. Ke3 Kg6 51. Kf2 h3 52. gxh3 Bxh3 53. Kg3 Be6 54. Bb2 Kg5 55. Bc1+ Kf5 56. Bb2 Bf7 57. Bc3 Ke6 58. Kf4 Bg6 59. Bb2 Bf5 60. Kg3 Bc2 61. Kh4 Bg6 62. Kg3 Kd5 63. Bxf6 Kc4 64. Kh4 Kd3 65. f4 Kc2 66. f5 Be8 0-1

[Event "EU-chT 24th"]
[Site "Budva"]
[Date "2023.11.19"]
[Round "8.12"]
[White "Paichadze, Luka"]
[Black "Fedoseev, Vladimir1"]
[Result "0-1"]
[WhiteElo "2501"]
[BlackElo "2675"]
[PlyCount "50"]
[EventDate "2023.11.11"]
[EventType "team-swiss"]
[EventRounds "9"]
[EventCountry "MNE"]
[SourceTitle "CB47_2023"]
[SourceDate "2023.11.22"]
[SourceVersion "1"]
[SourceVersionDate "2023.11.22"]
[SourceQuality "1"]
[WhiteTeam "Georgia"]
[BlackTeam "Slovenia"]
[WhiteTeamCountry "GEO"]
[BlackTeamCountry "SLO"]

1. e4 e5 2. Nf3 Nc6 3. Nc3 Nf6 4. d4 Bb4 5. Nxe5 Qe7 6. Qd3 Nxe5 7. dxe5 Qxe5 8. Bd2 d6 9. 0-0-0 Bd7 10. a3 Bc5 11. f4 Qd4 12. Qg3 0-0-0 13. Bd3 Ng4 14. Rde1 Nf2 15. Rhf1 f5 16. e5 Nxd3+ 17. cxd3 Rhe8 18. Ne2 Qd5 19. Nc3 Qc6 20. exd6 Qxd6 21. Rxe8 Bxe8 22. Re1 Bf7 23. Kc2 Bc4 24. Kc1 Bxd3 25. Rd1 Qe6 0-1

[Event "Titled Tuesday intern op 22nd Aug Early"]
[Site "Chess.com INT"]
[Date "2023.08.22"]
[Round "1"]
[White "Morales Garcia, Sergio Joshafatt"]
[Black "Paichadze, Luka"]
[Result "0-1"]
[WhiteElo "2221"]
[BlackElo "2515"]
[PlyCount "56"]
[EventDate "2023.08.22"]
[EventType "swiss (blitz)"]
[EventRounds "11"]
[EventCountry "USA"]
[SourceTitle "EXT 2024"]
[Source "ChessBase"]
[SourceDate "2023.10.10"]
[SourceVersion "1"]
[SourceVersionDate "2023.10.10"]
[SourceQuality "1"]

1. d4 Nf6 2. c4 e6 3. Nf3 Bb4+ 4. Nbd2 d5 5. Qa4+ Nc6 6. e3 0-0 7. a3 Be7 8. Bd3 a5 9. Qc2 a4 10. 0-0 Bd7 11. c5 Na5 12. Ne5 Be8 13. f4 g6 14. Qc3 b5 15. b3 axb3 16. Nxb3 Nc4 17. e4 Nxe5 18. fxe5 Nxe4 19. Bxe4 dxe4 20. Bh6 Bc6 21. Bxf8 Bxf8 22. Qe3 Qd5 23. Qf4 Qxb3 24. Qxf7+ Kh8 25. Qxc7 Qd5 26. Rf7 Qxd4+ 27. Kh1 Qxa1+ 28. Rf1 Qxf1# 0-1

[Event "FIDE World Cup"]
[Site "Baku"]
[Date "2023.07.31"]
[Round "1.2"]
[White "Paichadze, Luka"]
[Black "Jumabayev, Rinat"]
[Result "1-0"]
[WhiteElo "2501"]
[BlackElo "2589"]
[PlyCount "59"]
[EventDate "2023.07.30"]
[EventType "k.o."]
[EventRounds "8"]
[EventCountry "AZE"]
[SourceTitle "EXT 2024"]
[Source "ChessBase"]
[SourceDate "2023.10.10"]
[SourceVersion "1"]
[SourceVersionDate "2023.10.10"]
[SourceQuality "1"]

1. e4 c5 2. Nf3 d6 3. d4 cxd4 4. Qxd4 Nc6 5. Bb5 Bd7 6. Qd3 g6 7. 0-0 Bg7 8. c4 Nf6 9. Nc3 0-0 10. h3 a6 11. Bxc6 Bxc6 12. Nd4 Qb6 13. Rd1 Nd7 14. Qe3 e6 15. b3 Rfe8 16. Nxc6 Qxc6 17. Ba3 d5 18. exd5 exd5 19. Qc1 dxc4 20. Rd6 Qc8 21. Nd5 c3 22. Qg5 Kh8 23. Rc1 Nc5 24. Rxc3 Re1+ 25. Kh2 Re5 26. Qc1 Rxd5 27. Rxd5 Qb8+ 28. g3 Ne4 29. Rc7 Nxf2 30. Rdc5 1-0

[Event "FIDE World Cup"]
[Site "Baku"]
[Date "2023.07.30"]
[Round "1.1"]
[White "Jumabayev, Rinat"]
[Black "Paichadze, Luka"]
[Result "1-0"]
[WhiteElo "2589"]
[BlackElo "2501"]
[PlyCount "81"]
[EventDate "2023.07.30"]
[EventType "k.o."]
[EventRounds "8"]
[EventCountry "AZE"]
[SourceTitle "EXT 2024"]
[Source "ChessBase"]
[SourceDate "2023.10.10"]
[SourceVersion "1"]
[SourceVersionDate "2023.10.10"]
[SourceQuality "1"]

1. d4 Nf6 2. c4 e6 3. Nf3 Bb4+ 4. Nbd2 d5 5. Qa4+ Nc6 6. a3 Be7 7. e3 Bd7 8. Qc2 a5 9. b3 0-0 10. Bb2 Na7 11. Bd3 a4 12. b4 dxc4 13. Nxc4 Bb5 14. 0-0 Nc8 15. Rac1 c6 16. e4 h6 17. Rfd1 Nb6 18. Na5 Bxd3 19. Qxd3 Qb8 20. Qe3 Ra6 21. Qe2 Nc8 22. Ne5 Qa8 23. Nd3 Ra7 24. Nc4 Rd8 25. Rc2 Ne8 26. Nf4 Qb8 27. g3 Ncd6 28. Na5 Bg5 29. Nd3 Rc8 30. Ne5 Ra8 31. Nac4 Nxc4 32. Nxc4 Qc7 33. d5 cxd5 34. exd5 exd5 35. Rxd5 Ra6 36. Rc5 Rc6 37. Ne5 Rxc5 38. Rxc5 Qd8 39. Nxf7 Qd7 40. Nxh6+ Bxh6 41. Qc4+ 1-0

[Event "Poti op 16th"]
[Site "Poti"]
[Date "2023.07.18"]
[Round "7"]
[White "Mkrtchian, Simon"]
[Black "Paichadze, Luka"]
[Result "0-1"]
[WhiteElo "2255"]
[BlackElo "2501"]
[PlyCount "115"]
[EventDate "2023.07.12"]
[EventType "swiss"]
[EventRounds "9"]
[EventCountry "GEO"]
[SourceTitle "EXT 2024"]
[Source "ChessBase"]
[SourceDate "2023.10.10"]
[SourceVersion "1"]
[SourceVersionDate "2023.10.10"]
[SourceQuality "1"]

1. e4 c6 2. Nf3 d5 3. d3 g6 4. Nbd2 Bg7 5. d4 dxe4 6. Nxe4 Bf5 7. Ng3 Bg4 8. Bc4 e6 9. c3 Nf6 10. h3 Bxf3 11. Qxf3 Nbd7 12. 0-0 0-0 13. Re1 Re8 14. Ne4 Nxe4 15. Rxe4 Nf6 16. Bg5 h6 17. Bxf6 Qxf6 18. Qxf6 Bxf6 19. a4 a5 20. g3 Red8 21. Kf1 Rac8 22. h4 Rd6 23. Rae1 Kg7 24. Kg2 h5 25. R4e2 c5 26. dxc5 Rxc5 27. Bb5 b6 28. Re3 Rdd5 29. Ba6 Rd2 30. R1e2 Rcd5 31. Rxd2 Rxd2 32. Re2 Rd1 33. Re3 Be7 34. Rd3 Ra1 35. Rd7 Kf8 36. Bb5 Ra2 37. Rd2 Kg7 38. Re2 Kf6 39. Kf3 Bd6 40. Ke4 Ra1 41. Rd2 Bc5 42. Kf3 Ra2 43. Ke2 Ra1 44. Be8 Ke7 45. Bb5 Rb1 46. Bd3 Rh1 47. Be4 Ra1 48. Bc6 e5 49. Rd7+ Ke6 50. Rd2 f5 51. Bd5+ Ke7 52. Bb3 Rh1 53. Bc4 e4 54. Bd5 Rg1 55. Bc6 e3 56. Rd7+ Ke6 57. fxe3 Rxg3 58. Rd3 0-1

[Event "Bhubaneswar op-A 14th"]
[Site "Bhubaneswar"]
[Date "2023.06.18"]
[Round "10"]
[White "Rathnakaran, Kantholi"]
[Black "Paichadze, Luka"]
[Result "0-1"]
[WhiteElo "2254"]
[BlackElo "2513"]
[PlyCount "88"]
[EventDate "2023.06.11"]
[EventType "swiss"]
[EventRounds "10"]
[EventCountry "IND"]
[SourceTitle "CBM 214 Extra"]
[Source "ChessBase"]
[SourceDate "2023.07.31"]
[SourceVersion "1"]
[SourceVersionDate "2023.07.31"]
[SourceQuality "1"]

1. e4 c6 2. d3 d5 3. Nd2 e5 4. Ngf3 Bd6 5. g3 Nf6 6. Bg2 0-0 7. 0-0 Re8 8. b3 a5 9. a3 Bg4 10. h3 Bh5 11. Qe1 Nbd7 12. Nh4 Qc7 13. Nf5 Bc5 14. Nf3 Nf8 15. Bb2 dxe4 16. dxe4 Bxf3 17. Bxf3 Ne6 18. Bg2 Rad8 19. Kh1 Nd4 20. Ne3 b5 21. a4 b4 22. Rd1 Rd7 23. Rd2 Ne6 24. Rxd7 Nxd7 25. Qe2 Bd4 26. Bc1 Bxe3 27. Bxe3 c5 28. f4 Nd4 29. Qf2 Nf6 30. g4 exf4 31. Bxf4 Qd7 32. Re1 h6 33. Bg3 Qe6 34. e5 Nd5 35. Rd1 Nc3 36. Rd3 Qg6 37. Bh2 Nxb3 38. Qf3 Nd4 39. Qb7 Qg5 40. Bg3 Nce2 41. Kh2 Nxg3 42. Bd5 Rf8 43. Rxg3 Qxe5 44. Kg2 Ne2 0-1

[Event "Bhubaneswar op-A 14th"]
[Site "Bhubaneswar"]
[Date "2023.06.16"]
[Round "8"]
[White "Subrota, Biswas"]
[Black "Paichadze, Luka"]
[Result "1/2-1/2"]
[WhiteElo "2222"]
[BlackElo "2513"]
[PlyCount "83"]
[EventDate "2023.06.11"]
[EventType "swiss"]
[EventRounds "10"]
[EventCountry "IND"]
[SourceTitle "CBM 214 Extra"]
[Source "ChessBase"]
[SourceDate "2023.07.31"]
[SourceVersion "1"]
[SourceVersionDate "2023.07.31"]
[SourceQuality "1"]

1. e4 c6 2. d4 d5 3. e5 Bf5 4. h4 Qb6 5. h5 h6 6. g4 Bd7 7. Nc3 e6 8. Na4 Qc7 9. f4 b6 10. Nc3 c5 11. Nf3 Nc6 12. Be3 Nxd4 13. Nxd4 cxd4 14. Nb5 Qb8 15. Qxd4 f6 16. 0-0-0 a6 17. Nc3 fxe5 18. fxe5 Bc5 19. Qd2 Ne7 20. Bxc5 bxc5 21. Ne4 Qxe5 22. Nxc5 Rb8 23. c3 Rb6 24. Bd3 Qd6 25. Qe3 Rc6 26. b4 e5 27. Bc2 Bxg4 28. Rde1 e4 29. Rhg1 Bxh5 30. Rxg7 Qe5 31. Rgg1 Rf8 32. Qh3 Rxc5 33. bxc5 Rf3 34. Ba4+ Kf7 35. Ref1 Qxc3+ 36. Kb1 Bg6 37. Bc2 Qb4+ 38. Kc1 Qc3 39. Kb1 Qb4+ 40. Kc1 Qc3 41. Kb1 Qb4+ 42. Kc1 1/2-1/2

[Event "Bhubaneswar op-A 14th"]
[Site "Bhubaneswar"]
[Date "2023.06.12"]
[Round "2"]
[White "Singgih, Diajeng Theresa"]
[Black "Paichadze, Luka"]
[Result "0-1"]
[WhiteElo "1853"]
[BlackElo "2513"]
[PlyCount "130"]
[EventDate "2023.06.11"]
[EventType "swiss"]
[EventRounds "10"]
[EventCountry "IND"]
[SourceTitle "CBM 214 Extra"]
[Source "ChessBase"]
[SourceDate "2023.07.31"]
[SourceVersion "1"]
[SourceVersionDate "2023.07.31"]
[SourceQuality "1"]

1. e4 c6 2. d4 d5 3. e5 Bf5 4. Bd3 Bxd3 5. Qxd3 e6 6. Ne2 Ne7 7. Ng3 c5 8. c3 Nbc6 9. 0-0 Qb6 10. dxc5 Qxc5 11. Qe2 h5 12. b4 Qb6 13. Nxh5 Ng6 14. Be3 d4 15. cxd4 Nxd4 16. Bxd4 Qxd4 17. Ng3 Bxb4 18. Qb5+ Kf8 19. a3 Bc5 20. Nd2 Qxe5 21. Qxb7 Rb8 22. Qd7 Qd4 23. Qxd4 Bxd4 24. Rab1 Ke7 25. Nb3 Bb6 26. a4 Rhc8 27. a5 Bd8 28. Ne4 Rb4 29. Nec5 Rb5 30. a6 Bb6 31. Na4 Rb8 32. Nd2 Bd4 33. Rbc1 Ne5 34. Ne4 Nd7 35. Rfd1 e5 36. Rc7 Rb1 37. Rf1 Kd8 38. Rc6 Rxf1+ 39. Kxf1 Rb1+ 40. Ke2 Nb8 41. Rc4 Nxa6 42. Nd6 Ra1 43. Nxf7+ Ke7 44. Ng5 Ra2+ 45. Kf3 Rxf2+ 46. Kg3 Rf4 47. Kh3 Kd6 48. Nf3 Be3 49. Nb2 Nc5 50. Rxf4 exf4 51. Kg4 Kd5 52. Kf5 a5 53. Kg6 Bc1 54. Nd1 Kc4 55. Ne5+ Kb3 56. Nc6 a4 57. Nd4+ Kc4 58. Nc2 Kd3 59. Nb4+ Kd2 60. Nf2 a3 61. Kxg7 Bb2+ 62. Kg6 Kc3 63. Nd5+ Kc4 64. Nb6+ Kb5 65. Nd5 a2 0-1

[Event "Maharashtra op 2nd"]
[Site "Nagpur"]
[Date "2023.06.08"]
[Round "10"]
[White "Paichadze, Luka"]
[Black "Subhayan, Kundu"]
[Result "1/2-1/2"]
[WhiteElo "2513"]
[BlackElo "2353"]
[PlyCount "70"]
[EventDate "2023.06.01"]
[EventType "swiss"]
[EventRounds "11"]
[EventCountry "IND"]
[SourceTitle "CBM 214 Extra"]
[Source "ChessBase"]
[SourceDate "2023.07.31"]
[SourceVersion "1"]
[SourceVersionDate "2023.07.31"]
[SourceQuality "1"]

1. e4 c5 2. b3 g6 3. Bb2 Nf6 4. Qf3 d6 5. Bb5+ Nbd7 6. Bxf6 exf6 7. Qd3 Be7 8. Nc3 0-0 9. Nge2 Ne5 10. Qe3 f5 11. d3 f4 12. Nxf4 Bg5 13. h4 Bh6 14. Qg3 Qa5 15. Nfe2 Bg7 16. 0-0 Ng4 17. Nd5 Qxb5 18. Ne7+ Kh8 19. Nxc8 Raxc8 20. Qxg4 Bxa1 21. Rxa1 Qe8 22. Rf1 f5 23. exf5 Rxf5 24. Ng3 Rf8 25. Ne4 Qe7 26. c4 Rcd8 27. d4 Rde8 28. Ng5 Qe2 29. Qd7 Qe7 30. Qg4 Qe2 31. Qd7 Qe7 32. Qg4 h6 33. Nf3 Qe6 34. Qg3 cxd4 35. Rd1 Rf6 1/2-1/2

[Event "Maharashtra op 2nd"]
[Site "Nagpur"]
[Date "2023.06.04"]
[Round "6"]
[White "Paichadze, Luka"]
[Black "Panesar, Vedant"]
[Result "1/2-1/2"]
[WhiteElo "2513"]
[BlackElo "2387"]
[PlyCount "100"]
[EventDate "2023.06.01"]
[EventType "swiss"]
[EventRounds "11"]
[EventCountry "IND"]
[SourceTitle "CBM 214 Extra"]
[Source "ChessBase"]
[SourceDate "2023.07.31"]
[SourceVersion "1"]
[SourceVersionDate "2023.07.31"]
[SourceQuality "1"]

1. g3 e5 2. c3 d5 3. d4 exd4 4. cxd4 Nf6 5. Nc3 Be7 6. Nf3 0-0 7. Bg2 c6 8. 0-0 Bf5 9. h3 Be4 10. g4 h6 11. Bf4 Bd6 12. e3 Qc7 13. Qd2 Nbd7 14. Rac1 Qb8 15. Rfe1 Re8 16. Bxd6 Qxd6 17. Qd1 Qb4 18. Re2 a5 19. a3 Qe7 20. Nxe4 Nxe4 21. Qb3 Rab8 22. Nd2 Nxd2 23. Rxd2 Nf6 24. Qd3 h5 25. Qf5 g6 26. Qf4 hxg4 27. hxg4 Ne4 28. Re2 Kg7 29. Bxe4 Qxe4 30. Qxe4 Rxe4 31. f3 Ree8 32. Kf2 Rbd8 33. b4 axb4 34. axb4 Ra8 35. b5 Re6 36. bxc6 bxc6 37. Rc3 Rh8 38. Kg3 Rhe8 39. g5 f6 40. gxf6+ Kxf6 41. Rec2 Rxe3 42. Rxe3 Re5 43. Re4 Rxe4 44. Rxc6+ Re6 45. Rc5 Rd6 46. Kf4 Ke6 47. Rc8 Ra6 48. Re8+ Kf6 49. Re5 Ra5 50. Kg4 Rb5 1/2-1/2

[Event "Titled Tuesday intern op 23rd May Late"]
[Site "Chess.com INT"]
[Date "2023.05.23"]
[Round "3"]
[White "Nakamura, Hikaru"]
[Black "Paichadze, Luka"]
[Result "1-0"]
[WhiteElo "2775"]
[BlackElo "2513"]
[PlyCount "99"]
[EventDate "2023.05.23"]
[EventType "swiss (blitz)"]
[EventRounds "11"]
[EventCountry "USA"]
[SourceTitle "EXT 2024"]
[Source "ChessBase"]
[SourceDate "2023.10.10"]
[SourceVersion "1"]
[SourceVersionDate "2023.10.10"]
[SourceQuality "1"]

1. Nf3 Nf6 2. b3 e6 3. g3 b5 4. Na3 b4 5. Nc4 d5 6. Nce5 Bb7 7. a3 bxa3 8. Bxa3 Bxa3 9. Rxa3 Nbd7 10. Qa1 Nxe5 11. Nxe5 0-0 12. Bg2 a6 13. d4 Rc8 14. Ra5 Qd6 15. Nd3 Nd7 16. 0-0 Qb6 17. Qc3 Rfe8 18. Rfa1 f6 19. e3 Qd6 20. Qd2 Qb6 21. Nc5 Nxc5 22. dxc5 Qc6 23. c4 Rcd8 24. Rd1 Qd7 25. cxd5 exd5 26. Qc2 c6 27. Ra4 Qe7 28. Rb4 Bc8 29. Rdd4 Qc7 30. Rb6 Re5 31. b4 Rde8 32. Qa4 R5e6 33. Bh3 f5 34. Bxf5 Rf6 35. Bxc8 Qxc8 36. Rxa6 Qf5 37. Qa2 Rxe3 38. Rf4 Re1+ 39. Kg2 Qe6 40. Ra8+ Kf7 41. Ra7+ Kg8 42. Ra8+ Kf7 43. Qd2 Re4 44. Ra7+ Kg8 45. Rxf6 Qxf6 46. b5 cxb5 47. Qxd5+ Qe6 48. Qg5 Qe5 49. Qxe5 Rxe5 50. c6 1-0

[Event "Titled Tuesday intern op 23rd May Late"]
[Site "Chess.com INT"]
[Date "2023.05.23"]
[Round "2"]
[White "Paichadze, Luka"]
[Black "Martic, Ivan"]
[Result "1-0"]
[WhiteElo "2513"]
[BlackElo "2301"]
[PlyCount "61"]
[EventDate "2023.05.23"]
[EventType "swiss (blitz)"]
[EventRounds "11"]
[EventCountry "USA"]
[SourceTitle "EXT 2024"]
[Source "ChessBase"]
[SourceDate "2023.10.10"]
[SourceVersion "1"]
[SourceVersionDate "2023.10.10"]
[SourceQuality "1"]

1. e4 c5 2. Nf3 e6 3. c3 d5 4. e5 Nc6 5. d4 Qb6 6. Bd3 Bd7 7. dxc5 Bxc5 8. Qe2 a5 9. Nbd2 a4 10. b4 axb3 11. Nxb3 Be7 12. 0-0 Nh6 13. Bxh6 gxh6 14. Qd2 Bf8 15. Rfe1 Bg7 16. Nbd4 Nxd4 17. cxd4 0-0 18. Bb1 f5 19. exf6 Rxf6 20. Ne5 Be8 21. Bc2 Ra3 22. Bb3 Rf5 23. Rac1 Bxe5 24. Rxe5 Rxe5 25. dxe5 Kg7 26. Qf4 Qd8 27. Qb4 Ra6 28. Qxb7+ Bf7 29. Qxa6 Qg5 30. Re1 Qd2 31. Qe2 1-0

[Event "ChessKid Cup Play In"]
[Site "Chess.com INT"]
[Date "2023.05.01"]
[Round "2"]
[White "Makarian, Rudik"]
[Black "Paichadze, Luka"]
[Result "0-1"]
[WhiteElo "2547"]
[BlackElo "2515"]
[PlyCount "126"]
[EventDate "2023.05.01"]
[EventType "swiss (blitz)"]
[EventRounds "9"]
[EventCountry "USA"]
[SourceTitle "CBM 214 Extra"]
[Source "ChessBase"]
[SourceDate "2023.07.31"]
[SourceVersion "1"]
[SourceVersionDate "2023.07.31"]
[SourceQuality "1"]

1. d4 Nf6 2. c4 e6 3. Nf3 Bb4+ 4. Bd2 a5 5. a3 Bxd2+ 6. Qxd2 b6 7. Nc3 Bb7 8. g3 0-0 9. Bg2 d6 10. 0-0 Ne4 11. Nxe4 Bxe4 12. Qe3 Bb7 13. Qd3 f5 14. b4 Nd7 15. Qc3 Nf6 16. Rfd1 Qe7 17. Qc2 Be4 18. Qb2 Rfb8 19. b5 Re8 20. Rac1 Nd7 21. Ne1 Bxg2 22. Nxg2 Rf8 23. Qb3 Rae8 24. Qf3 e5 25. dxe5 Nxe5 26. Qd5+ Kh8 27. Qd4 Ng6 28. Rd2 Qf7 29. Qd5 Qf6 30. e3 Re5 31. Qc6 Rc5 32. Qf3 Ne5 33. Qe2 Qf7 34. Rdc2 Re8 35. Nf4 g5 36. Nd3 Nxd3 37. Qxd3 Re4 38. f3 Re7 39. Qd4+ Kg8 40. Re1 Rce5 41. Rce2 Qh5 42. Kg2 h6 43. h3 Qf7 44. a4 Qe6 45. g4 Rc5 46. Rc2 Rf7 47. e4 fxg4 48. hxg4 h5 49. e5 Rf4 50. Re4 Rxe4 51. Qxe4 Rxe5 52. Qa8+ Kg7 53. gxh5 g4 54. Rf2 Rxh5 55. Qb7 gxf3+ 56. Qxf3 Rg5+ 57. Kh1 Qe1+ 58. Kh2 Qe5+ 59. Kh1 Qe6 60. Qf8+ Kg6 61. Qf3 Qe1+ 62. Kh2 Qg1+ 63. Kh3 Rh5+ 0-1